[Event "Soviet zonal"]
[Site "Vilnius URS"]
[Date "1975.08.??"]
[Round "13"]
[White "Gufeld, Eduard"]
[Black "Savon, Vladimir"]
[Result "1/2-1/2"]
[WhiteElo "2535"]
[BlackElo "2575"]
[EventDate "1975.08.06"]
[PlyCount "144"]

1.e4 e5 2.Nf3 Nc6 3.Bb5 a6 4.Ba4 Nf6 5.O-O Be7 6.Re1 b5 7.Bb3 d6 8.c3 O-O 
9.h3 h6 10.d4 Re8 11.Nbd2 Bf8 12.Nf1 Bd7 13.Ng3 Na5 14.Bc2 c5 15.b3 cxd4 
16.cxd4 Nc6 17.Bb2 Rc8 18.Qd2 Qb6 19.Rad1 Qa5 20.Qxa5 Nxa5 21.Bb1 Nc6 22.
dxe5 dxe5 23.Nh5 Be6 24.Nxf6+ gxf6 25.Nh4 Bb4 26.Re3 Red8 27.Red3 Rxd3 28.
Bxd3 Rd8 29.Bc2 Rxd1+ 30.Bxd1 Bc5 31.Bc2 Nd4 32.Bd3 Kg7 33.Kf1 Bd7 34.Bc3 
Bb6 35.Nf5+ Nxf5 36.exf5 a5 37.b4 axb4 38.Bxb4 Bc6 39.f3 Bd5 40.a3 Bc6 41.
Ke2 Bd4 42.Kd2 Bb6 43.Kc2 Bf2 44.Be7 Be1 45.Bc5 Ba5 46.Kd1 Bc3 47.Ke2 h5 
48.Ke3 h4 49.Be4 Bd7 50.Kd3 Be1 51.Be7 Bf2 52.Kc3 Be1+ 53.Kb3 Ba5 54.Bc5 
Be1 55.Be7 Ba5 56.Bd3 Be1 57.Bb4 Bf2 58.Be4 Kh6 59.Bd2+ Kg7 60.Kb4 Kf8 61.
Ka5 Ke7 62.Bb4+ Kd8 63.Bd6 Be3 64.Ka6 Bc1 65.Kb6 Be3+ 66.Bc5 Bc1 67.Bd3 
Bf4 68.Bf2 Bc1 69.Bc5 Bf4 70.Be4 Bd2 71.Bf2 Bc1 72.Bd3 Bf4 1/2-1/2

[Event "Soviet zonal"]
[Site "Vilnius URS"]
[Date "1975.08.??"]
[Round "13"]
[White "Vasiukov, Evgeny"]
[Black "Balashov, Yury"]
[Result "0-1"]
[WhiteElo "2560"]
[BlackElo "2540"]
[EventDate "1975.08.06"]
[PlyCount "88"]

1.e4 c5 2.Nf3 e6 3.c3 Nf6 4.e5 Nd5 5.d4 cxd4 6.cxd4 d6 7.a3 Bd7 8.Bd3 Bc6 
9.O-O Nd7 10.Re1 Be7 11.Bc2 dxe5 12.dxe5 Nf8 13.Nd4 Ng6 14.Nxc6 bxc6 15.
Nd2 Qc7 16.Nf3 Rd8 17.Qe2 Qb6 18.g3 Rd7 19.h4 Bc5 20.h5 Nge7 21.Kg2 h6 22.
Rb1 Qb5 23.Qe4 Bb6 24.Bd2 Qc5 25.Re2 Bc7 26.b4 Qb5 27.a4 Qb6 28.Ree1 Nf5 
29.g4 Nfe7 30.Bd3 a6 31.Rbc1 g6 32.Qc4 gxh5 33.gxh5 Qb8 34.Kf1 Nb6 35.Qxa6
Nxa4 36.Re2 Nb6 37.Re4 Bd8 38.Ke2 Ra7 39.Qa5 Rxa5 40.bxa5 Nbd5 41.Ra4 Kd7 
42.Ra2 Bc7 43.Rcc2 Qa7 44.Ra4 Rb8 0-1

[Event "Soviet zonal"]
[Site "Vilnius URS"]
[Date "1975.08.??"]
[Round "14"]
[White "Alburt, Lev"]
[Black "Bronstein, David"]
[Result "1-0"]
[WhiteElo "2420"]
[BlackElo "2590"]
[EventDate "1975.08.06"]
[PlyCount "95"]

1.d4 d5 2.Nf3 Nf6 3.c4 c6 4.e3 e6 5.Bd3 dxc4 6.Bxc4 c5 7.O-O a6 8.a4 Nc6 
9.Qe2 cxd4 10.Rd1 d3 11.Rxd3 Qc7 12.e4 Bc5 13.h3 Nd7 14.Be3 Be7 15.Rd2 O-O
16.Nc3 Bf6 17.Rad1 b6 18.Ba2 Nde5 19.a5 Nd7 20.axb6 Nxb6 21.Bc5 Be7 22.Qe3
Rb8 23.Bd6 Bxd6 24.Rxd6 Nd7 25.R1d2 Nb4 26.Qd4 Qa5 27.Bc4 e5 28.Qe3 Qc7 
29.b3 Nc6 30.Qg5 Nc5 31.Qh5 Ne6 32.Nd5 Qxd6 33.Nf6+ gxf6 34.Rxd6 Ne7 35.
Qh4 Kg7 36.Nxe5 Ng6 37.Nxg6 hxg6 38.Qg3 Rb7 39.Bxa6 Re7 40.Bc4 Nc5 41.f3 
Be6 42.Qf4 g5 43.Qe3 Bxc4 44.Qxc5 Be6 45.b4 Rb7 46.b5 Rc8 47.Rc6 Rd8 48.
Rc7 1-0

[Event "Soviet zonal"]
[Site "Vilnius URS"]
[Date "1975.08.??"]
[Round "14"]
[White "Tseshkovsky, Vitaly"]
[Black "Dvoretsky, Mark"]
[Result "1-0"]
[WhiteElo "2555"]
[BlackElo "2490"]
[EventDate "1975.08.06"]
[PlyCount "113"]

1.e4 e5 2.Nf3 Nf6 3.Nxe5 d6 4.Nf3 Nxe4 5.d4 d5 6.Bd3 Be7 7.O-O Nc6 8.c4 
Nf6 9.Nc3 O-O 10.Re1 Bg4 11.cxd5 Nxd5 12.Be4 Be6 13.Qc2 f5 14.Bd3 Ndb4 15.
Qe2 Nxd3 16.Qxe6+ Kh8 17.Rd1 Nxc1 18.Raxc1 Qd6 19.Qb3 a6 20.Na4 Nd8 21.Nc5
b6 22.Nd3 Bf6 23.Nde5 g5 24.h4 gxh4 25.Qc2 Ne6 26.d5 Ng5 27.Qxc7 Nxf3+ 28.
Nxf3 Rad8 29.b3 Rd7 30.Qxd6 Rxd6 31.Rc6 Rfd8 32.Rxd6 Rxd6 33.Kh2 Kg7 34.
Kh3 Kf7 35.Nxh4 Bxh4 36.Kxh4 Rh6+ 37.Kg3 Rg6+ 38.Kf3 Ke7 39.g3 Kd6 40.Kf4 
Rg7 41.Rd2 Rf7 42.f3 b5 43.Rh2 a5 44.Rh6+ Kxd5 45.Ra6 b4 46.Rxa5+ Kd4 47.
a3 bxa3 48.Rxa3 Rb7 49.Kxf5 Rf7+ 50.Kg4 Rg7+ 51.Kh3 Rb7 52.f4 Ke4 53.Ra4+ 
Kf5 54.b4 Kg6 55.Kh4 Rb6 56.g4 Rb5 57.Kg3 1-0

[Event "Soviet zonal"]
[Site "Vilnius URS"]
[Date "1975.08.??"]
[Round "14"]
[White "Tukmakov, Vladimir"]
[Black "Gulko, Boris"]
[Result "1/2-1/2"]
[WhiteElo "2570"]
[BlackElo "2480"]
[EventDate "1975.08.06"]
[PlyCount "31"]

1.d4 Nf6 2.c4 e6 3.Nf3 b6 4.g3 Ba6 5.Nbd2 Bb4 6.Qc2 Bb7 7.Bg2 Be4 8.Qa4 
Bxd2+ 9.Bxd2 O-O 10.O-O d6 11.b4 Nbd7 12.Rac1 a6 13.Qb3 Qb8 14.Ne1 Bxg2 
15.Nxg2 b5 16.a4 1/2-1/2

[Event "Soviet zonal"]
[Site "Vilnius URS"]
[Date "1975.08.??"]
[Round "15"]
[White "Balashov, Yury"]
[Black "Savon, Vladimir"]
[Result "1-0"]
[WhiteElo "2540"]
[BlackElo "2575"]
[EventDate "1975.08.06"]
[PlyCount "99"]

1.e4 e5 2.Nf3 Nc6 3.Bb5 a6 4.Ba4 Nf6 5.O-O Be7 6.Re1 b5 7.Bb3 d6 8.c3 O-O 
9.h3 h6 10.d4 Re8 11.Nbd2 Bf8 12.Nf1 Bd7 13.Ng3 Na5 14.Bc2 Nc4 15.a4 g6 
16.b3 Na5 17.axb5 axb5 18.Be3 c5 19.d5 Nb7 20.Qd2 Kh7 21.b4 Qc7 22.Bd3 Ra4
23.Bc2 Raa8 24.Bd3 Ra4 25.Rxa4 bxa4 26.Ra1 Ra8 27.Qb2 Be8 28.Nd2 Be7 29.
Nc4 Nd7 30.Qd2 h5 31.Qd1 Nf6 32.Na3 Qd8 33.Nf1 Bd7 34.Nd2 Ne8 35.Nac4 Bg5 
36.Bc2 Bxe3 37.Nxe3 Nc7 38.Bxa4 Bxa4 39.Rxa4 Nb5 40.Nb1 Rc8 41.Qd3 Qd7 42.
Nc4 cxb4 43.Rxb4 Rc5 44.Nb6 Qe8 45.Na4 Nc7 46.Nxc5 Nxc5 47.Qf3 f5 48.exf5 
e4 49.fxg6+ Qxg6 50.Qf8 1-0

[Event "Soviet zonal"]
[Site "Vilnius URS"]
[Date "1975.08.??"]
[Round "15"]
[White "Dvoretsky, Mark"]
[Black "Tukmakov, Vladimir"]
[Result "1/2-1/2"]
[WhiteElo "2495"]
[BlackElo "2570"]
[EventDate "1975.08.06"]
[PlyCount "28"]

1.c4 g6 2.Nc3 c5 3.g3 Bg7 4.Bg2 Nc6 5.e3 e6 6.Nge2 Nge7 7.O-O O-O 8.d4 
cxd4 9.Nxd4 Nxd4 10.exd4 d5 11.cxd5 Nxd5 12.Nxd5 exd5 13.Be3 Be6 14.Qb3 
Qd7 1/2-1/2

[Event "Soviet zonal"]
[Site "Vilnius URS"]
[Date "1975.08.??"]
[Round "15"]
[White "Grigorian, Karen"]
[Black "Tseshkovsky, Vitaly"]
[Result "1/2-1/2"]
[WhiteElo "2520"]
[BlackElo "2555"]
[EventDate "1975.08.06"]
[PlyCount "40"]

1.d4 Nf6 2.c4 g6 3.Nc3 d5 4.Bg5 Ne4 5.Bh4 c5 6.e3 Bg7 7.cxd5 Nxc3 8.bxc3 
Qxd5 9.Nf3 Nc6 10.Be2 cxd4 11.exd4 e5 12.dxe5 Qa5 13.O-O O-O 14.Qb3 Nxe5 
15.Nd4 Nc6 16.Rad1 Qb6 17.Bc4 Na5 18.Qxb6 axb6 19.Bd5 Bd7 20.Rfe1 Rfe8 
1/2-1/2

[Event "Soviet zonal"]
[Site "Vilnius URS"]
[Date "1975.08.??"]
[Round "15"]
[White "Kholmov, Ratmir"]
[Black "Alburt, Lev"]
[Result "1-0"]
[WhiteElo "2540"]
[BlackElo "2420"]
[EventDate "1975.08.06"]
[PlyCount "88"]

1.Nf3 Nf6 2.c4 c5 3.Nc3 Nc6 4.g3 d5 5.cxd5 Nxd5 6.Bg2 Nc7 7.d3 e5 8.Be3 
Bd7 9.O-O Be7 10.Nd2 O-O 11.f4 exf4 12.gxf4 Ne6 13.Nde4 f5 14.Ng3 Kh8 15.
Nd5 Bd6 16.Bd2 Nc7 17.Bc3 Nb5 18.Bd2 Nc7 19.e3 Be8 20.Nxc7 Qxc7 21.Bc3 Qe7
22.Qd2 Rd8 23.Rae1 Qf7 24.b3 Be7 25.e4 Bh4 26.exf5 Nd4 27.Re5 b6 28.Ne4 h6
29.b4 Bf6 30.bxc5 Bxe5 31.fxe5 Nxf5 32.Nd6 Qg6 33.e6 Rxd6 34.cxd6 Qxe6 35.
Qf4 Bg6 36.Qe5 Qd7 37.Bc6 Qf7 38.Bd5 Qd7 39.Be6 Qa4 40.Bxf5 Rf6 41.d7 Kh7 
42.Qxf6 gxf6 43.Bxg6+ Kxg6 44.d8=Q Kg5 1-0